000 00319nam a22001337a 4500
008 181017b xxu||||| |||| 00| 0 eng d
020 _a2801451188518
041 _aeng
080 _234th
_a610
100 _a4
101 _aSHM
245 _aThe Washington Manual of Medical Therapeutics
_cGodara,H
942 _2udc
_cBK
999 _c49979
_d49979